Southville International School and Colleges
Your cart is empty.
  • Cart
  • Lists
    Public lists Eva Luna New books Lux_list list_1
    Your lists Log in to create your own lists
  • Log in to your account
  • Your cookies
  • Search history
Southville International School and Colleges
  • Advanced search
  • Recent comments
  • Most popular
  • Libraries

Log in to your account

Log in with GOOGLE


If you do not have an external account, but do have a local account, you can still log in:

  1. Home
  2. MARC view: Bedtime hugs for little ones /
Normal view MARC view ISBD view

Bedtime hugs for little ones / (Record no. 111014)

[ view plain ]
MARC details
000 -LEADER
fixed length control field 00551nam a2200193 a 4500
001 - CONTROL NUMBER
control field 3103
005 - DATE AND TIME OF LATEST TRANSACTION
control field 20140414131907.0
008 - FIXED-LENGTH DATA ELEMENTS--GENERAL INFORMATION
fixed length control field 060201s19uu xx 00 eng d
020 ## - INTERNATIONAL STANDARD BOOK NUMBER
International Standard Book Number 0-89081-616-6
050 ## - LIBRARY OF CONGRESS CALL NUMBER
Classification number ER
Item number B39 1988
100 ## - MAIN ENTRY--PERSONAL NAME
Personal name Boone, Debby
245 ## - TITLE STATEMENT
Title Bedtime hugs for little ones /
Statement of responsibility, etc Debby Boone ; illustrated by Gabriel Ferrer.
260 ## - PUBLICATION, DISTRIBUTION, ETC. (IMPRINT)
Place of publication, distribution, etc Oregon :
Name of publisher, distributor, etc Harvest House,
Date of publication, distribution, etc 1988.
300 ## - PHYSICAL DESCRIPTION
Extent p. : ill. ; cm.
650 ## - SUBJECT ADDED ENTRY--TOPICAL TERM
Topical term or geographic name as entry element Children's stories, American.
650 ## - SUBJECT ADDED ENTRY--TOPICAL TERM
Topical term or geographic name as entry element Bedtime
General subdivision Fiction.
650 ## - SUBJECT ADDED ENTRY--TOPICAL TERM
Topical term or geographic name as entry element Short stories.
Holdings
Withdrawn status Lost status Damaged status Use restrictions Home library Current library Shelving location Date acquired Source of acquisition Total Checkouts Full call number Barcode Date last seen Price effective from Koha item type
        Munich Library Munich Library Easy Reading Section 02/01/2006     ER B39 1988 M1563 04/14/2014 04/14/2014 Books

Bedtime hugs for little ones /

APA

Boone D., . (1988). Bedtime hugs for little ones. Oregon: Harvest House.

Chicago

Boone Debby, . 1988. Bedtime hugs for little ones. Oregon: Harvest House.

Harvard

Boone D., . (1988). Bedtime hugs for little ones. Oregon: Harvest House.

MLA

Boone Debby, . Bedtime hugs for little ones. Oregon: Harvest House. 1988.

  • Place hold
  • Print
  • Cite
  • Add to your cart (remove)
  • Save record
    BIBTEX Dublin Core MARCXML MARC (non-Unicode/MARC-8) MARC (Unicode/UTF-8) MARC (Unicode/UTF-8, Standard) MODS (XML) RIS
  • More searches
    Search for this title in:
    Other Libraries (WorldCat) Other Databases (Google Scholar) Online Stores (Bookfinder.com) Open Library (openlibrary.org)

Exporting to Dublin Core...

SOUTHVILLE LIBRARY

Southville International School and Colleges Library

1281 Tropical Ave. Cor. Luxembourg St., BF Homes International, Las Pinas City

Tel. No. 8256374 / 252358 Loc. 117/146

Powered by Koha